000 01139nam a2200253 i 4500
001 95135
003 ES-MaACL
005 20250815111835.0
007 t|
008 050523s1952 ag ||||1| spa d
100 1 _aLundell, G. E. F.
_974787
245 1 0 _aSinopsis de Química Analítica /
_cG. E. F. Lundell, James Irvin Hoffman; traducción de la 5ª edición en lengua inglesa por Dr. E. de A. Bosch Ariño, Dr. M. C. Alvarez Querol.
260 _aBuenos Aires :
_b[s.n.],
_c1952 (
_fGraf. Administrativa)
300 _aXV, 289 p. :
_bil. ;
_c25 cm.
650 0 7 _aQuímica analítica
_2embne
_916630
700 1 _aBosch Ariño, E. de A.
_930648
700 1 _aAlvarez Querol, M. C.
_920921
700 1 _aHoffman, James Irvin.
_963944
852 _aES-MaACL
_jD-6419
_bR.32783
_bR.M. 6014
_998667
_cSVI
_fSello en tinta azul de la Biblioteca del Ateneo de Madridr
_xEncuadernación en tela azul
_zEn hoja de guarda: "Donativo"
942 _2udc
_cMONOGRAFIA
999 _c95135
_d95135